Popular Religion Elites and Reform (Record no. 11899)

MARC details
000 -LEADER
fixed length control field 00690nam a2200253 a 4500
020 ## - INTERNATIONAL STANDARD BOOK NUMBER
ISBN 8173046
082 00 - DEWEY DECIMAL CLASSIFICATION NUMBER
Classification number 294.5447
Author Cutter ODD
100 ## - MAIN ENTRY--AUTHOR NAME
Author name Oddie, Geoffrey
245 ## - TITLE STATEMENT
Title Popular Religion Elites and Reform
Sub title Hook-Swinging and Its Prohibition in Co
260 ## - PUBLICATION, DISTRIBUTION, ETC. (IMPRINT)
Place of publication New Delhi
Name of publisher Manohar Pub.
Year of publication 1995
300 ## - PHYSICAL DESCRIPTION
Number of Pages 200p
500 ## - GENERAL NOTE
General note includes index and biblioraphy
505 2# - FORMATTED CONTENTS NOTE
Formatted contents note Colonial India 1800-1894
650 ## - SUBJECT ADDED ENTRY--TOPICAL TERM
Topical Term Hook-Swinging-Hinduism
650 ## - SUBJECT ADDED ENTRY--TOPICAL TERM
Topical Term Sadhuism
942 ## - ADDED ENTRY ELEMENTS (KOHA)
Koha item type Books
700 1# -
-- Oddie, Geoffrey
Holdings
Collection code Home library Current library Date acquired Cost, normal purchase price Full call number Accession Number Koha item type
  Henry Martyn Institute Library Henry Martyn Institute Library 07/24/2007 300.00 294.5447 ODD 016934 Books
                   Copyright © 2026 | Henry Martyn Institute | Hyderabad | TS-500052 | INDIA | Implemented by hmi.edu.in
Hit-Count:

Powered by Koha